Normal view
MARC view
Entry Personal Name
001 - CONTROL NUMBER
- control field: 14526
003 - CONTROL NUMBER IDENTIFIER
- control field: OSt
005 - DATE AND TIME OF LATEST TRANSACTION
- control field: 20191213151840.0
008 - FIXED-LENGTH DATA ELEMENTS
- fixed length control field: 191213|| aca||aabn | a|a d
040 ## - CATALOGING SOURCE
- Original cataloging agency: OSt
- Transcribing agency: OSt
100 ## - HEADING--PERSONAL NAME
- Personal name: Nanda, Bijayalaxmi
670 ## - SOURCE DATA FOUND
- Source citation: Work cat.: (OSt): Nanda, Bijayalaxmi , Access to housing rights and property rights for women: Select study in Delhi and NCR regions
